<?xml version="1.0" encoding="UTF-8"?><marc:collection xmlns:marc="http://www.loc.gov/MARC21/slim">
  <marc:record>
    <marc:leader>00000nam  2200000za 4500</marc:leader>
    <marc:controlfield tag="001">9.650299</marc:controlfield>
    <marc:controlfield tag="003">CaOODSP</marc:controlfield>
    <marc:controlfield tag="005">20250103094319</marc:controlfield>
    <marc:controlfield tag="007">ta</marc:controlfield>
    <marc:controlfield tag="008">150407|2007||||xxc|||||     f|0| 0 eng d</marc:controlfield>
    <marc:datafield tag="020" ind1=" " ind2=" ">
      <marc:subfield code="a">978-0-660-19652-7</marc:subfield>
    </marc:datafield>
    <marc:datafield tag="040" ind1=" " ind2=" ">
      <marc:subfield code="a">CaOODSP</marc:subfield>
      <marc:subfield code="b">eng</marc:subfield>
    </marc:datafield>
    <marc:datafield tag="043" ind1=" " ind2=" ">
      <marc:subfield code="a">n-cn---</marc:subfield>
    </marc:datafield>
    <marc:datafield tag="086" ind1="1" ind2=" ">
      <marc:subfield code="a">R62-389/2007E</marc:subfield>
    </marc:datafield>
    <marc:datafield tag="110" ind1="2" ind2=" ">
      <marc:subfield code="a">Parks Canada.</marc:subfield>
    </marc:datafield>
    <marc:datafield tag="245" ind1="1" ind2="4">
      <marc:subfield code="a">The underwater archaeology of Red Bay : </marc:subfield>
      <marc:subfield code="b">Basque shipbuilding and whaling in the 16th century / </marc:subfield>
      <marc:subfield code="c">Edited by Robert Grenier, Marc-André Bernier, Willis Stevens.  </marc:subfield>
    </marc:datafield>
    <marc:datafield tag="260" ind1=" " ind2=" ">
      <marc:subfield code="a">Ottawa - Ontario : </marc:subfield>
      <marc:subfield code="b">Parks Canada </marc:subfield>
      <marc:subfield code="c">2007.</marc:subfield>
    </marc:datafield>
    <marc:datafield tag="300" ind1=" " ind2=" ">
      <marc:subfield code="a">xxiv, 254p.; x, 245p.; x, 319p.; x, 391p.; x, 288p. : </marc:subfield>
      <marc:subfield code="b">marine charts, coloured plates, glossary, illus. (some coloured), maps, tables, photographs ; </marc:subfield>
      <marc:subfield code="c">31 cm. + </marc:subfield>
      <marc:subfield code="e">Folded sheets of oversize figures in back pocket of v. 1 and v. 3.</marc:subfield>
    </marc:datafield>
    <marc:datafield tag="500" ind1=" " ind2=" ">
      <marc:subfield code="a">Complete contents: v. 1. Archaeology underwater: the project -- v. 2. Material culture -- v. 3. The 24M hull -- v. 4. Rigging, vessel use and related studies -- v. 5. Appendices, glossary and bibliography.</marc:subfield>
    </marc:datafield>
    <marc:datafield tag="504" ind1=" " ind2=" ">
      <marc:subfield code="a">Bibliography.</marc:subfield>
    </marc:datafield>
    <marc:datafield tag="520" ind1="3" ind2=" ">
      <marc:subfield code="a">In 1978 Parks Canada underwater archaeologists discovered the wreck of a 16th-century Basque whaling vessel in Red Bay, Labrador, believed to be the San Juan (1565). This five-volume publication is the culmination of over 25 years of research by associates and members of Parks Canada’s Underwater Archaeology Service. It describes not only the underwater archaeology as practiced at Red Bay but also 16th-century ship construction, whaling and material cultural studies.</marc:subfield>
    </marc:datafield>
    <marc:datafield tag="563" ind1=" " ind2=" ">
      <marc:subfield code="a">Hardcover</marc:subfield>
    </marc:datafield>
    <marc:datafield tag="590" ind1=" " ind2=" ">
      <marc:subfield code="a">08-15</marc:subfield>
      <marc:subfield code="b">2008-04-11</marc:subfield>
    </marc:datafield>
    <marc:datafield tag="690" ind1="0" ind2="7">
      <marc:subfield code="a">Shipbuilding</marc:subfield>
      <marc:subfield code="2">gcpds</marc:subfield>
    </marc:datafield>
    <marc:datafield tag="690" ind1="0" ind2="7">
      <marc:subfield code="a">Archaeology</marc:subfield>
      <marc:subfield code="2">gcpds</marc:subfield>
    </marc:datafield>
    <marc:datafield tag="690" ind1="0" ind2="7">
      <marc:subfield code="a">Whaling</marc:subfield>
      <marc:subfield code="2">gcpds</marc:subfield>
    </marc:datafield>
    <marc:datafield tag="775" ind1="0" ind2="8">
      <marc:subfield code="t">L'archéologie subaquatique de Red Bay : </marc:subfield>
      <marc:subfield code="w">(CaOODSP)9.683415</marc:subfield>
    </marc:datafield>
    <marc:datafield tag="776" ind1="0" ind2="#">
      <marc:subfield code="t">The underwater archaeology of Red Bay : </marc:subfield>
      <marc:subfield code="w">(CaOODSP)9.946496</marc:subfield>
    </marc:datafield>
  </marc:record>
</marc:collection>
